Quatitative Analysis a theoretical approach
| Main Authors: | , , |
|---|---|
| Format: | Section = Libro |
| Language: | Undetermined Spanish |
| Published: |
United States
McGraw-Hill
1951
|
| Edition: | 3a.ed. |
| Subjects: |
| LEADER | 00585nam a2200217Ia 4500 | ||
|---|---|---|---|
| 008 | 240830s9999 xx 000 0 und d | ||
| 040 | |a CEDOC FIQ-RUSB / 543 R556 | ||
| 041 | |a spa | ||
| 082 | |a 543 R556 | ||
| 100 | 1 | |a Rieman, William | |
| 100 | 1 | |b Neuss, Jacob | |
| 100 | 1 | |c Naiman, Barnet | |
| 245 | 1 | 0 | |a Quatitative Analysis a theoretical approach |
| 250 | |a 3a.ed. | ||
| 260 | |a United States |b McGraw-Hill |c 1951 | ||
| 300 | |a 523 p.: il. | ||
| 650 | 7 | |a QUÍMICA ANALíTICA | |
| 650 | 7 | |b FUNCIONAMIENTO COMÚN DE BANDA DE APARATOS | |
| 942 | |c BK |2 ddc | ||
| 991 | |a TEXTO | ||
| 999 | |c 13724 | ||